000
00239nam a22000977a 4500
008
161228b xxu||||| |||| 00| 0 eng d
041
_a
eng
080
_2
1st ed.
_a
347.78
245
_a
LAW&Advertising
_c
Fueroghne, D.K
942
_2
udc
_c
BK
_e
1st ed.
999
_c
2515
_d
2515